banner-ar

التدريبات المعملية فى علم الكائنات الدقيقة / (Record no. 56167)

MARC details
000 -الفاتح
حقل البيانات ثابتة الطول 01047nam a2200241Ia 4500
005 - وقت وتاريخ اخر تعامل مع التسجيلة
رقم الضبط 20240530105441.0
008 - عناصر البيانات ثابتة الطول - معلومات عامة
حقل البيانات ثابتة الطول 140319s9999 xx 000 0 ara d
040 ## - مصدر الفهرسة
وكالة الفهرسة الأصلية GCL /
وكالة النسخ GCL
082 04 - رقم تصنيف ديوى العشرى
رقم التصنيف 576
رقم المادة ا ت
100 1# - المدخل الرئيسى - إسم شخصى
الإسم الشخصى اندرسون ، دين أ.
245 12 - بيان العنوان
العنوان التدريبات المعملية فى علم الكائنات الدقيقة /
بيان المسئوليه,etc تاليف دين أ. اندرسون ؛ ترجمة محمد احمد حداد ؛ عبدالقادر عبدالروأف المالح ، جادالله عبدالله الحسن ؛ مراجعة سالم عمر الفرجانى
260 ## - PUBLICATION, DISTRIBUTION, ETC. (IMPRINT)
تاريخ النشر أو التوزيع 1992
300 ## - الوصف المادى
التعداد 279 ص
650 04 - المدخل الاضافى بالموضوع-مصطلح موضوعى
مصطلح موضوعي الاحياء الدقيقة
650 04 - المدخل الاضافى بالموضوع-مصطلح موضوعى
مصطلح موضوعي البكتريا
650 04 - المدخل الاضافى بالموضوع-مصطلح موضوعى
مصطلح موضوعي الميكروبات
650 04 - المدخل الاضافى بالموضوع-مصطلح موضوعى
مصطلح موضوعي الميكروسكوبات
700 1# - المدخل الاضافى - اسم شخصى
الإسم الشخصى محمد احمد حداد
الدور مترجم
700 1# - المدخل الاضافى - اسم شخصى
الإسم الشخصى عبدالقادر عبدالرؤوف
الدور مترجم
700 1# - المدخل الاضافى - اسم شخصى
الإسم الشخصى جادالله عبدالله الحسن
الدور مترجم
942 ## - عناصر المدخل الإضافي( كوها)
مصدر التصنيف او مخطط الترفيف Dewey Decimal Classification
Koha [default] item type كتاب
260 ## - PUBLICATION, DISTRIBUTION, ETC. (IMPRINT)
-- [S.N] :
-- جامعة عمر المختار ،
Holdings
حالة التراجع حالة الفقد حالة تلف ليس للاعارة المكان المؤقت الموقع الحالى تاريخ الاكتساب اجمالي اﻻعارات رقم الطلب الباركود تاريخ اخر مشاهدة تاريخ تفعيل السعر نوع وعاء كوها
        مكتبة القاهرة الكبرى مكتبة القاهرة الكبرى 03/26/2014   576\ا ت 134692 03/26/2014 03/26/2014 كتاب
        مكتبة القاهرة الكبرى مكتبة القاهرة الكبرى 03/26/2014   576\ا ت 134693 03/26/2014 03/26/2014 كتاب

Powered By

EGPV